PASAPALABRA #2 - Estadísticas

Estadísticas generales
  • Esta prueba ha sido intentada 109 veces
  • La puntuación promedio es 13 de 26
Estadísticas de respuestas
LETRA ENUNCIADO RESPUESTA % Correcto
E (Empieza) Rascacielos emblemático de Nueva York, famoso por su altura y arquitectura art déco, que fue el edificio más alto del mundo cuando se completó en 1931 Empire State
86%
F (Empieza) Deportista español, uno de los mejores pilotos de la historia, dos veces campeón del mundo de Fórmula 1, ha participado en ediciones como el Dakar y Le Mans y ha competido para equipos como Renault, Ferrari, McLaren y Aston Martin. Es el director de orquesta de la 33 y un ídolo español Fernando Alonso
85%
M (Empieza) Concurso de cocina muy popular en España, en el que los participantes compiten por el título ante un jurado compuesto por chefs profesionales como Pepe Rodríguez, Samantha Vallejo-Nágera y Jordi Cruz MasterChef
82%
N (Empieza) Planeta del sistema solar conocido por su intenso color azul y ser el octavo en distancia al Sol Neptuno
82%
O (Empieza) Juego de mesa tradicional en el que los jugadores avanzan por un tablero siguiendo un recorrido de casillas, algunas de las cuales tienen efectos especiales como avanzar o retroceder Oca
75%
J (Empieza) Película de aventuras en la que un misterioso juego de mesa lleva a los jugadores a un mundo lleno de peligros, animales salvajes y magia Jumanji
72%
S (Empieza) País de Europa occidental, conocido por su chocolate, relojes y paisajes alpinos. Su capital es Berna y es famoso por ser un centro bancario internacional Suiza
68%
A (Empieza) Dios griego del sol, la música, la poesía, la profecía y la medicina. Hijo de Zeus y Leto, es conocido por su habilidad en el arco y la lira Apolo
63%
T (Empieza) Postre italiano hecho a base de capas de bizcocho empapado en café y mascarpone, cubierto con cacao en polvo Tiramisú
63%
C (Empieza) Bebida refrescante de origen brasileño, elaborada con jugo de frutas tropicales, especialmente el maracuyá Caipirinha
58%
V (Empieza) Ciudad gallega con el puerto pesquero más importante de España, famosa por sus Islas Cíes, su industria naval y automovilística, y por ser la sede de un equipo histórico de fútbol Vigo
57%
X (Empieza) Instrumento musical de percusión compuesto por láminas de madera que se golpean con baquetas Xilófono
55%
P (Empieza) Mamífero de gran velocidad, conocido por su agilidad, pelaje en tonos grises o negros, su habilidad para saltar grandes distancias y que pertenece a la familia Felidae Pantera
54%
K (Empieza) Rapero, productor y diseñador estadounidense conocido por sus innovadoras producciones musicales y sus controversiales declaraciones. Ha lanzado álbumes icónicos como "The College Dropout" y "Yeezus" Kanye West
52%
L (Empieza) Marca británica de automóviles, especializada en vehículos todoterreno de lujo, conocida por modelos icónicos como el Defender y el Discovery Land Rover
48%
U (Empieza) Organización internacional que promueve la educación, la ciencia, la cultura y la paz, y es conocida por designar Patrimonios de la Humanidad Unesco
48%
Y (Empieza) Vena principal del cuello que transporta la sangre desde la cabeza hacia el corazón, y que también a veces se usa en expresiones clásicas de límite Yugular
45%
H (Empieza) Serie de animación emitida en Cartoon Network y Boing, que narra las trepidantes aventuras de dos protagonistas y sus amigos, mientras trabajan en un parque y viven situaciones surrealistas y cómicas Historias Corrientes
42%
W (Empieza) Estudio de cine y televisión estadounidense que ha producido grandes franquicias como "Harry Potter", "Batman" y "Looney Tunes" Warner Bros
40%
R (Empieza) Actor estadounidense conocido por interpretar a Iron Man en el Universo Cinematográfico de Marvel, además de destacar en películas como "Sherlock Holmes" y "Chaplin" Robert Downey Jr.
38%
B (Empieza) Casa de apuestas reconocida a nivel mundial, famosa por su patrocinio en el fútbol europeo y su plataforma de juegos en línea Bwin
34%
I (Empieza) Propiedad de los cuerpos de resistir cualquier cambio en su estado de movimiento o reposo, lo que significa que un objeto en movimiento continuará moviéndose a velocidad constante, y un objeto en reposo permanecerá en reposo, a menos que una fuerza externa actúe sobre él Inercia
34%
G (Empieza) Dispositivo de red que conecta dos redes diferentes, permitiendo la comunicación entre ellas, y gestionando el tráfico de datos entre redes con protocolos distintos Gateway
5%
D (Empieza) Luchador estadounidense conocido como "Lunatic Fringe", conocido por su estilo impredecible, exmiembro del grupo "The Shield" y campeón mundial de la WWE Dean Ambrose
3%
Z (Empieza) Figura retórica que consiste en utilizar una sola palabra para unificar varias acciones o ideas en una misma expresión, omitiendo palabras que se sobreentienden Zeugma
2%
Q (Empieza) Enfermedad, Inflamación o irritación de los labios, que puede causar dolor, enrojecimiento y fisuras, y suele ser provocada por infecciones o deficiencias vitamínicas Quelitis
0%
No se encontraron pruebas coincidentes
Distribución de puntuación
Porcentaje de gente con cada puntuación
Porcentaje por número respondido
Historial de tus puntuaciones
No has intentado esta prueba.